Statistiques concernant Personnage mystère #24

Cliquez ici pour prendre le quiz!

Statistiques générales

  • Ce quiz a été pris 283 fois
  • Le résultat moyen est 5 sur 7

Statistiques - réponses

LettresIndices% Correct
ENÂÂne
100%
SIGRGris
99%
XIVEUVieux
97%
LEUBBleu
96%
ESTIMESSIPPessimiste
66%
QEMLONILÉUCAMélancolique
37%
Nom du personnageBourriquet
35%

Distribution des résultats

Percentile par nombre de réponses

% des personnes avec chaque résultat

Votre développement - résultats

Vous n’avez pas pris ce quiz